=LDR 00000nam 2200000 4500 =001 INLIS000000000036679 =005 20130612142442 =008 ***********************************Ind** =035 ##$$0010-061300000036679 =041 ##$$a Ind =082 ##$$a 904 =090 ##$$a 904, Can c =100 ##$$a Canfield, Jack =245 ##$$a Chicken soeep for the traveler's sooel, kisah-kisah petualangan, inspirasi dan wawasan untuk merayakan semangat bepergian, Jack Canfield =260 ##$$a 2010 $b Jakarta =300 ##$$a 409 hlm, ilus, 21 cm =650 ##$$a Petualangan =850 ##$$a NBPNMAT